000 00261nam a2200109Ia 4500
008 190912s9999||||xx |||||||||||||| ||und||
100 _aW.T. Andrews
245 0 _aCritics On Shakespeare
260 _aNew Delhi
_bUniversal Book
_c1998
300 _a84
942 _cBK
999 _c7213
_d7213